| 000 | 00923nam a22002897a 4500 | ||
|---|---|---|---|
| 003 | CHAP | ||
| 005 | 20220329135724.0 | ||
| 008 | 971013s1984 r 00010 d | ||
| 010 | _a41102 | ||
| 011 | _a42074 | ||
| 035 | _a46201 | ||
| 040 | _cCHAP | ||
| 090 | _aFolleto 2477y (1984) | ||
| 100 | 0 | 0 |
_aMueller, K. E. _979277 |
| 245 | 1 | _aProblemas del cultivo del arroz en los trópicos | |
| 260 |
_aLos baños Filipinas : _bIRRI, _c1984 |
||
| 300 |
_a172 p. _b: ilus |
||
| 590 |
_aBATCH-UPD _b10 _c20130110 _lUCH01 _h0920 |
||
| 590 |
_aCONVERSION _b10 _c20130109 _lUCH01 _h1323 |
||
| 650 | 1 | 4 |
_aArroz _xEnfermedades. _97600 |
| 650 | 1 | 4 |
_aArroz _xPlagas. _97643 |
| 901 | _aBK | ||
| 942 | _cFOLL | ||
| 949 |
_aFolleto 2477y (1984) _bBC _cFOLL _d-105288 _eTS1 _i46201 _mD _si |
||
| 949 |
_aFolleto 2477y (1984) _bBC _cFOLL _d-105289 _eTS2 _fc.2 _i46201 _mD _si |
||
| 949 |
_aFolleto 2477y (1984) _bBC _cFOLL _d-105290 _eTS2 _fc.3 _i46201 _mD _si |
||
| 999 |
_c41102 _d41102 |
||